书目信息 |
| 题名: |
醒世恒言
|
|
| 作者: | 冯梦龙 编 ;顾学颉 校注 | |
| 分册: | 下 | |
| 出版信息: | 北京 人民文学出版社 1956.07 |
|
| 页数: | 922页 | |
| 开本: | 24cm | |
| 丛书名: | ||
| 单 册: | ||
| 中图分类: | I242.3 | |
| 科图分类: | ||
| 主题词: | 话本小说--小说集--中国--明代 | |
| 电子资源: | ||
| ISBN: | 978-7-02-018613-6 | |
| 000 | 00851nam0 2200253 450 | |
| 001 | 01072254 | |
| 005 | 20251022114402.21 | |
| 010 | @a978-7-02-018613-6@dCNY37.50 | |
| 100 | @a20241107e1956 em y0chiy0120 ea | |
| 101 | 0 | @achi |
| 102 | @aCN@b110000 | |
| 105 | @ay z 000ay | |
| 106 | @ar | |
| 200 | 1 | @a醒世恒言@9xing shi heng yan@f(明)冯梦龙编@g顾学颉校注@h下 |
| 210 | @a北京@c人民文学出版社@d1956.07@h20244印 | |
| 215 | @a922页@d24cm | |
| 300 | @a古典小说大字本 | |
| 330 | @a本书收录了宋、元以来话本、拟话本40篇,通过这些故事情节和人物形象,从不同的角度、不同的程度上,反映了当时的社会生活、人民的愿望。 | |
| 606 | 0 | @a话本小说@x小说集@y中国@z明代 |
| 690 | @aI242.3@v5 | |
| 701 | 0 | @c(明)@a冯梦龙@9feng meng long@4编 |
| 702 | 0 | @a顾学颉@9gu xue jie@4校注 |
| 801 | 0 | @aCN@c20250905 |
| 905 | @a河南城建学院图书馆@dI242.3@eF493:2@ZF493:2@f1 | |
| 醒世恒言/(明)冯梦龙编/顾学颉校注.下.-北京:人民文学出版社,1956.07(20244印) |
| 922页;24cm |
| 古典小说大字本 |
| ISBN 978-7-02-018613-6:CNY37.50 |
| 本书收录了宋、元以来话本、拟话本40篇,通过这些故事情节和人物形象,从不同的角度、不同的程度上,反映了当时的社会生活、人民的愿望。 |
| ● |
| 相关链接 |
|
|
|
正题名:醒世恒言
索取号:I242.3/F493:2
 
预约/预借
| 序号 | 登录号 | 条形码 | 馆藏地/架位号 | 状态 | 备注 |
| 1 | 1631327 | 216313273 | 文学库108/108文学库 21排5列4层/ [索取号:I242.3/F493:2] | 在馆 |